书目信息 |
| 题名: |
足球训练法
|
|
| 作者: | 库克 , 舒尔德 著 ;马冰 译 | |
| 分册: | ||
| 出版信息: | 北京 人民体育出版社 2004 |
|
| 页数: | 116页 | |
| 开本: | 20cm | |
| 丛书名: | ||
| 单 册: | ||
| 中图分类: | G843.2 | |
| 科图分类: | ||
| 主题词: | 足球运动--运动训练 | |
| 电子资源: | ||
| ISBN: | 7-5009-2616-2 | |
| 000 | 00991nam0 2200253 45 | |
| 001 | 002736182 | |
| 005 | 20050104093440.4 | |
| 010 | @a7-5009-2616-2@dCNY9.00 | |
| 100 | @a20041014d2004 em y0chiy0110 ea | |
| 101 | 1 | @achi@ceng |
| 102 | @aCN@b110000 | |
| 105 | @aa z 000yy | |
| 200 | 1 | @a足球训练法@Azu qiu xun lian fa@e技战术和身体素质训练@EJi Zhan Shu He Shen Ti Su Zhi Xun Lian@f(英)马尔科姆·库克,(英)吉米·舒尔德著@F(Ying)Ma Er Ke Mu·Ku Ke,(Ying)Ji Mi·Shu Er De Zhu@g马冰译 |
| 210 | @a北京@c人民体育出版社@d2004 | |
| 215 | @a116页@c图@d20cm | |
| 330 | @a本书分两部分,第一部分是各种技术练习和多种形式的比赛;第二部分是针对身体素质的练习,涉及有氧和无氧练习,以及力量、柔韧、灵敏和协调练习。 | |
| 517 | @a技战术和身体素质训练@AJi Zhan Shu He Shen Ti Su Zhi Xun Lian | |
| 606 | 0 | @a足球运动@x运动训练 |
| 690 | @aG843.2@v4 | |
| 701 | 0 | @a库克@4著 |
| 701 | 0 | @a舒尔德@4著 |
| 702 | 0 | @a马冰@AMa Bing@4译 |
| 801 | 0 | @aCN@bNLC@c20041109 |
| 905 | @b341726-730@dG843.2@e169@f5 | |
| 足球训练法:技战术和身体素质训练/(英)马尔科姆·库克,(英)吉米·舒尔德著/马冰译.-北京:人民体育出版社,2004 |
| 116页:图;20cm |
| ISBN 7-5009-2616-2:CNY9.00 |
| 本书分两部分,第一部分是各种技术练习和多种形式的比赛;第二部分是针对身体素质的练习,涉及有氧和无氧练习,以及力量、柔韧、灵敏和协调练习。 |
| ● |
| 相关链接 |
|
|
|
|
正题名:足球训练法
索取号:G843.2/169
 
预约/预借
| 序号 | 登录号 | 条形码 | 馆藏地/架位号 | 状态 | 备注 |
| 1 | 0341726 | 203417267 | 第一样本阅览室/ [索取号:G843.2/169] | 在馆 | |
| 2 | 0341727 | 203417276 | 第四借阅区/ [索取号:G843.2/169] | 在馆 | |
| 3 | 0341728 | 203417285 | 密集书库/ [索取号:G843.2/169] | 在馆 | |
| 4 | 0341729 | 203417294 | 第四借阅区/ [索取号:G843.2/169] | 在馆 | |
| 5 | 0341730 | 203417301 | 密集书库/ [索取号:G843.2/169] | 在馆 |